| 000 | 02153nam0a2200373 4500 | ||
|---|---|---|---|
| 001 | RU\NLR\bibl\414465 | ||
| 005 | 20260407085204.0 | ||
| 010 |
_a5-7281-0289-1 _9500 |
||
| 035 | _a(NLR Aleph) 000408488 | ||
| 090 |
_a619956 _c619956 |
||
| 100 | _a20030701d2003 |||y0rusy50 ca | ||
| 101 | 0 | _arus | |
| 102 | _aRU | ||
| 105 | _aa ||||||||| | ||
| 200 | 1 |
_aРеалии и перспективы поликультурного образования в Дагестане _f[Кислова Галина Ивановна, Магомедова Мадина Маликовна, Муртузалиев Сергей Ибрагимович _gРедкол.: проф. С.И. Муртузалиев (гл. ред.) и др.] _gРегион. центр этнополит. исслед. Дагест. науч. центра Рос. акад. наук |
|
| 210 |
_aМахачкала _cДНЦ _d2003 |
||
| 215 |
_a281 с. _cил. _d20 |
||
| 300 | _aАвт. указаны в вып. дан. | ||
| 316 |
_aавтограф _5NLR:2003-3/16261 |
||
| 320 | _aБиблиогр. в конце глав | ||
| 606 | 1 |
_aОбразование _yДагестан, Республика _92316706 _3RU\NLR\AUTH\661386183 |
|
| 606 |
_aНародное образование _yДагестан, Республика _92249749 _3RU\NLR\auth\661349506 |
||
| 686 | 1 | _aЧ34(2Р-6Д) | |
| 701 | 1 |
_aКислова _bГ. И. _gГалина Ивановна _4070 |
|
| 701 | 1 |
_4070 _7ca _8rus _aМагомедова _bМ. М. _cд-р экон. наук _gМадина Маликовна _968418 _3RU\NLR\auth\7785490 |
|
| 701 | 1 |
_aМуртузалиев _bС. И. _gСергей Ибрагимович _4070 |
|
| 702 | 1 |
_aМуртузалиев _bС. И. _gСергей Ибрагимович _4340 |
|
| 712 | 0 | 2 |
_4570 _aРоссийская академия наук _bДагестанский научный центр _bРегиональный центр этнополитических исследований _9592219 _3RU\NLR\AUTH\8810046332 |
| 801 | 0 |
_aRU _bNLR _c20030701 _gPSBO |
|
| 801 | 1 |
_aRU _bNLR _c20030701 |
|
| 942 | _cBOOK | ||
| 980 | _aNB | ||